• 首页
  • 本馆介绍
  • 公告通知
  • 最新文献
  • 馆藏检索
  • 电子资源
  • 读者导购
  • 参考咨询
  • 我的图书馆
  • 登录
  • 详细信息显示
  • 放入我的书架
  • 预约/预借图书
  • 作者相关作品
  • 分类相关作品
  • 丛书相关作品
  • 出版社相关作品

书目信息

  • 表格格式
  • 工作单格式
  • 卡片格式
题名:
中国二十年重案追踪
    
 
作者: 元坤 编著
分册:   贩毒案
出版信息: 北京   中国长安出版社  2010.06
页数: 214页
开本: 24cm
丛书名:
单 册:
中图分类: D924.305
科图分类:
主题词: 刑事犯罪--案例--中国--现代--汇编 , 禁毒--刑事犯罪--案例--中国--现代--汇编
电子资源:
ISBN: 978-7-5107-0186-3
000 00829nam0 2200241 45
001 1237527247
005 20120618090614.78
010    @a978-7-5107-0186-3@dCNY29.80
100    @a20100809d2010 em y0chiy0110 ea
101 0  @achi
102    @aCN@b110000
105    @ay z 000yy
106    @ar
200 1  @a中国二十年重案追踪@AZhong Guo Er Shi Nian Zhong An Zhui Zong@i贩毒案@IFan Du An@f元坤编著@FYuan Kun Bian Zhu
210    @a北京@c中国长安出版社@d2010.06
215    @a214页@d24cm
330    @a本书内容包括千里伏毒魔、毒坛一姐落法网、痴情女与惊天贩毒案、天网捕毒枭、马氏跨国贩毒案等。
606 0  @a刑事犯罪@x案例@y中国@z现代@j汇编
606 0  @a禁毒@x刑事犯罪@x案例@y中国@z现代@j汇编
690    @aD924.305@v4
701  0 @a元坤@AYuan Kun@4编著
801  0 @aCN@bTSTCL@c20120604
905    @b0816212-15@dD924.305@e380:2@f4
    
    中国二十年重案追踪.贩毒案/元坤编著.-北京:中国长安出版社,2010.06
    214页;24cm
    
    
    ISBN 978-7-5107-0186-3:CNY29.80
    本书内容包括千里伏毒魔、毒坛一姐落法网、痴情女与惊天贩毒案、天网捕毒枭、马氏跨国贩毒案等。
●
相关链接 在E读中查询图书 在五车中查询图书 在当当中查询图书 在豆瓣中查询图书


正题名:中国二十年重案追踪     索取号:D924.305/380:2         预约/预借

序号 登录号 条形码 馆藏地/架位号 状态 备注
1 0816212   208162129   第一样本阅览室/ [索取号:D924.305/380:2] 在馆    
2 0816213   208162138   第一借阅区/ [索取号:D924.305/380:2] 在馆    
3 0816214   208162147   第一借阅区/ [索取号:D924.305/380:2] 在馆    
4 0816215   208162156   第一借阅区/ [索取号:D924.305/380:2] 在馆    
唐山师范学院图书馆 欢迎您!
大连网信软件有限公司© 版权所有